000 00588cam a22002291 4500
001 sa 68003309
003 DLC
005 20260227112451.0
008 891018s1967 pk ah b 000 0 urdr
010 _asa 68003309
035 _a(OCoLC)20507133
040 _aDLC
_cWaU
_dDLC
042 _apremarc
050 0 0 _aPK2199.I65
_bA82
100 1 _aIqbal, Muhammad,
_cSir,
_d1877-1938.
245 1 0 _aAnvār-i Iqbāl.
260 _c[1967]
300 _a16, 348 p.
_billus., facsims.
_c23 cm.
500 _aIn Urdu.
504 _aBibliographical footnotes.
700 1 _aDar, Bashir Ahmad.
999 _c79387
_d79387